[Event "Chigorin Memorial 30th"]
[Site "St Petersburg"]
[Date "2023.10.24"]
[Round "4"]
[White "Gurnov, Cristian"]
[Black "Buzanov, Artemiy"]
[Result "1/2-1/2"]
[WhiteElo "1771"]
[BlackElo "1280"]
[PlyCount "90"]
[EventDate "2023.10.21"]
[EventType "swiss"]
[EventRounds "9"]
[EventCountry "RUS"]
[SourceTitle "Mega2024 Update 01"]
[Source "Chessbase"]
[SourceDate "2023.11.12"]
[SourceVersion "1"]
[SourceVersionDate "2023.11.12"]
[SourceQuality "1"]

1. e4 e5 2. Nf3 Nc6 3. Bb5 a6 4. Ba4 Nf6 5. d3 Bc5 6. 0-0 d6 7. c3 0-0 8. h3 Ba7 9. Re1 Ne7 10. Nbd2 Ng6 11. Nf1 h6 12. Ng3 c6 13. d4 a5 14. Be3 b5 15. Bc2 Qe7 16. Rc1 Qd8 17. Bb1 Re8 18. a3 Qc7 19. b4 Nf4 20. Bxf4 exf4 21. Nf1 Bb7 22. Qc2 g6 23. e5 dxe5 24. dxe5 Nd5 25. c4 bxc4 26. Qxc4 Qb6 27. Re2 Ba6 28. Qa2 Bxe2 29. Qxe2 axb4 30. axb4 Qxb4 31. N1d2 Nc3 32. Qd3 Nxb1 33. Rxb1 Qe7 34. Ne4 Red8 35. Qc4 Rab8 36. Rxb8 Rxb8 37. Nf6+ Kg7 38. Qxf4 Rb1+ 39. Kh2 Rb4 40. Qc1 Bb8 41. Ng4 g5 42. Qxc6 Qe6 43. Qc3 Rc4 44. Qb2 Bc7 45. g3 Bb6 1/2-1/2